000
00284nam a22001217a 4500
008
181107b xxu||||| |||| 00| 0 eng d
041
_a
eng
080
_2
3rd
_a
038
100
_a
23
101
_a
FJA
245
_a
The american heritage college dictionary
_c
Jost, D.A
942
_2
udc
_c
BK
999
_c
52210
_d
52210